书目信息 |
| 题名: |
商业银行经营与管理
|
|
| 作者: | 何红梅 , 温淑贤 主编 | |
| 分册: | ||
| 出版信息: | 北京 北京理工大学出版社 2016 |
|
| 页数: | 196页 | |
| 开本: | 26cm | |
| 丛书名: | ||
| 单 册: | ||
| 中图分类: | F830.33 | |
| 科图分类: | ||
| 主题词: | 商业银行--Shang Ye Yin Hang--经营管理--高等学校--教材 | |
| 电子资源: | ||
| ISBN: | 978-7-5682-2984-5 | |
| 000 | 00963nam0 2200253 450 | |
| 001 | 1740215849 | |
| 005 | 20161207151528.0 | |
| 010 | @a978-7-5682-2984-5@dCNY39.80 | |
| 100 | @a20161021d2016 em y0chiy50 ea | |
| 101 | 0 | @achi |
| 102 | @aCN@b110000 | |
| 105 | @ay a 000yy | |
| 106 | @ar | |
| 200 | 1 | @a商业银行经营与管理@Ashang ye yin hang jing ying yu guan li@f何红梅, 温淑贤主编@Fhe hong mei,wen shu xian zhu bian |
| 210 | @a北京@c北京理工大学出版社@d2016 | |
| 215 | @a196页@d26cm | |
| 320 | @a有书目 | |
| 330 | @a本书主要介绍了商业银行负债、资产、中间、国际等各项业务,商业银行风险管理、财务分析等经营管理的内容和方法,以及针对资产与负债等业务的收入和成本,为获取最大利润而如何进行商业银行经营管理的运营等内容。 | |
| 606 | 0 | @a商业银行@AShang Ye Yin Hang@x经营管理@x高等学校@j教材 |
| 690 | @aF830.33@v5 | |
| 701 | 0 | @a何红梅@Ahe hong mei@4主编 |
| 701 | 0 | @a温淑贤@Awen shu xian@4主编 |
| 801 | 0 | @aCN@bOUQD@c20161020 |
| 905 | @aBZT@dF830.33@e13 | |
| 商业银行经营与管理/何红梅, 温淑贤主编.-北京:北京理工大学出版社,2016 |
| 196页;26cm |
| ISBN 978-7-5682-2984-5:CNY39.80 |
| 本书主要介绍了商业银行负债、资产、中间、国际等各项业务,商业银行风险管理、财务分析等经营管理的内容和方法,以及针对资产与负债等业务的收入和成本,为获取最大利润而如何进行商业银行经营管理的运营等内容。 |
| ● |
| 相关链接 |
|
|
|
正题名:商业银行经营与管理
索取号:F830.33/13
 
预约/预借
| 序号 | 登录号 | 条形码 | 馆藏地/架位号 | 状态 | 备注 |
| 1 | 827951 | 2000827951 | 第二书库/ [索取号:F830.33/13] | 在馆 | |
| 2 | 827952 | 2000827952 | 第二书库/ [索取号:F830.33/13] | 在馆 | |
| 3 | 827953 | 2000827953 | 第二书库/ [索取号:F830.33/13] | 在馆 |